Loading...
Gane action /
| Main Author: | |
|---|---|
| Format: | Printed Book |
| Language: | English |
| Published: |
New Delhi:
Prentice-Hall of India Lt
c1972.
|
| LEADER | 00386nam a2200109Ia 4500 | ||
|---|---|---|---|
| 008 | 130611s9999 xx 000 0 eng d | ||
| 100 | |a HartmanPhilip E | ||
| 245 | |a Gane action / | ||
| 260 | |a New Delhi: |b Prentice-Hall of India Lt |c c1972. | ||
| 942 | |c BK | ||
| 999 | |c 128478 |d 128478 | ||
| 952 | |0 0 |1 0 |2 ddc |4 0 |6 572_800000000000000_HAR_G |7 0 |9 141862 |a ZOO |b ZOO |c ST1 |d 2013-06-11 |o 572.8 HAR/G |p ZOO3950 |r 2013-06-11 |y BK | ||